प्राचीन भारतीय कला में मांगलिक प्रतीक (Record no. 63130)

MARC details
000 -LEADER
fixed length control field 00922nam a22001697a 4500
005 - DATE AND TIME OF LATEST TRANSACTION
control field 20120217150936.0
008 - FIXED-LENGTH DATA ELEMENTS--GENERAL INFORMATION
fixed length control field 120217t xxu||||| |||| 00| 0 eng d
020 ## - INTERNATIONAL STANDARD BOOK NUMBER
International Standard Book Number 8171243134
Terms of availability 200.00
035 ## - SYSTEM CONTROL NUMBER
System control number B-77043
040 ## - CATALOGING SOURCE
Original cataloging agency दि.प.ल
Language of cataloging हिन्दी
100 ## - MAIN ENTRY--PERSONAL NAME
Personal name श्रीवास्तव, विमलमोहिनी
9 (RLIN) 42497
245 ## - TITLE STATEMENT
Title प्राचीन भारतीय कला में मांगलिक प्रतीक
Statement of responsibility, etc श्रीवास्तव, विमलमोहिनी
260 ## - PUBLICATION, DISTRIBUTION, ETC. (IMPRINT)
Place of publication, distribution, etc वाराणसी
Name of publisher, distributor, etc विश्वविद्यालय प्रकाशक
Date of publication, distribution, etc 2002
300 ## - PHYSICAL DESCRIPTION
Extent 137पृ.
Dimensions 23
942 ## - ADDED ENTRY ELEMENTS (KOHA)
Source of classification or shelving scheme Dewey Decimal Classification
Item type Hindi Books
Classification part 230.44
Call number suffix श्रीवास्त
Holdings
Withdrawn status Lost status Source of classification or shelving scheme Damaged status Not for loan Collection code Home library Current library Shelving location Date acquired Cost, normal purchase price Total Checkouts Full call number Barcode Date last seen Cost, replacement price Koha item type
    Dewey Decimal Classification     Non-fiction Sarojini Nagar Sarojini Nagar General Stacks 17/02/2012 200.00   230.44 श्रीवास्त B-77043 17/02/2012 200.00 Hindi Books

© Delhi Public Library
Hit Counter
free hit counter